[Event "FICGS W-ch qf3 email"]
[Site "FICGS email"]
[Date "2012.01.01"]
[Round "2"]
[White "Pichelin, Xavier"]
[Black "Dolgov, Igor"]
[Result "1-0"]
[WhiteElo "2454"]
[BlackElo "2523"]
[PlyCount "107"]
[EventDate "2012.??.??"]
[EventType "match (corr)"]
[EventRounds "5"]
[SourceTitle "Corr 2022"]
[Source "ChessBase"]
[SourceDate "2021.10.24"]
[SourceVersion "1"]
[SourceVersionDate "2021.10.24"]
[SourceQuality "1"]

1. e4 c5 2. Nf3 Nf6 3. e5 Nd5 4. Nc3 Nxc3 5. dxc3 Nc6 6. Bc4 e6 7. Bf4 Qc7 8. Qd2 h6 9. h4 b6 10. 0-0-0 Bb7 11. Kb1 0-0-0 12. h5 Ne7 13. Qe2 Kb8 14. Ba6 g5 15. hxg6 Bxa6 16. Qxa6 Nxg6 17. Bg3 d5 18. exd6 Bxd6 19. Rxd6 Rxd6 20. a4 f6 21. Bxd6 Qxd6 22. a5 Qc6 23. b3 Ne7 24. Qe2 bxa5 25. Ne5 Qb7 26. Rh4 Rc8 27. Nc4 Qa6 28. Kb2 a4 29. Rxh6 Nd5 30. Qd3 Qc6 31. g4 axb3 32. cxb3 Qc7 33. Qe4 Re8 34. Ne3 Nxe3 35. Qxe3 Qd8 36. Qxc5 Qd2+ 37. Ka3 Qc1+ 38. Ka4 Qa1+ 39. Kb4 Rc8 40. Qd4 Qa2 41. Rh5 f5 42. gxf5 a5+ 43. Kb5 Qxb3+ 44. Kxa5 exf5 45. Qb6+ Qxb6+ 46. Kxb6 f4 47. Rh3 Rf8 48. Rh6 Rc8 49. Rc6 Rf8 50. c4 Rf7 51. f3 Rb7+ 52. Kc5 Rf7 53. Kb5 Rh7 54. Rf6 1-0

[Event "FICGS freestyle Cup 000003 email"]
[Site "FICGS email"]
[Date "2010.10.30"]
[Round "1"]
[White "Perikov, Yuriy"]
[Black "Pichelin, Xavier"]
[Result "1-0"]
[WhiteElo "2059"]
[BlackElo "2230"]
[PlyCount "73"]
[EventDate "2010.??.??"]
[EventType "tourn (corr)"]
[EventRounds "1"]
[SourceTitle "Corr 2013"]
[Source "ChessBase"]
[SourceDate "2012.11.12"]
[SourceVersion "1"]
[SourceVersionDate "2012.11.12"]
[SourceQuality "1"]

1. e4 c5 2. Nf3 d6 3. d4 cxd4 4. Nxd4 Nf6 5. Nc3 a6 6. f3 e5 7. Nb3 Be6 8. Be3 Be7 9. a3 0-0 10. Qd2 Nbd7 11. 0-0-0 b5 12. g4 Nb6 13. Na5 Qc7 14. g5 Nh5 15. h4 Rab8 16. Rh2 g6 17. Kb1 Rfe8 18. Nd5 Nxd5 19. exd5 Bxd5 20. Qxd5 Qxa5 21. Bc4 Rf8 22. Bb3 Qc7 23. Rf2 Ng7 24. f4 Nf5 25. Qe4 Rbc8 26. Rf3 Rfd8 27. fxe5 dxe5 28. Rdf1 Rf8 29. Rxf5 gxf5 30. Rxf5 Bc5 31. Rf6 Kh8 32. c3 Rg8 33. Rxf7 Qxf7 34. Bxf7 Bxe3 35. Bxg8 Kxg8 36. Qxe3 Re8 37. Qa7 1-0

[Event "FICGS freestyle Cup 000003 email"]
[Site "FICGS email"]
[Date "2010.10.30"]
[Round "1"]
[White "Pichelin, Xavier"]
[Black "Gray, Garvin"]
[Result "0-1"]
[WhiteElo "2213"]
[BlackElo "2199"]
[PlyCount "120"]
[EventDate "2010.??.??"]
[EventType "tourn (corr)"]
[EventRounds "1"]
[SourceTitle "Corr 2013"]
[Source "ChessBase"]
[SourceDate "2012.11.12"]
[SourceVersion "1"]
[SourceVersionDate "2012.11.12"]
[SourceQuality "1"]

1. e4 c5 2. Nf3 e6 3. d4 cxd4 4. Nxd4 a6 5. Nc3 Qc7 6. Be2 b5 7. 0-0 Bb7 8. Re1 Nc6 9. Nxc6 dxc6 10. e5 Rd8 11. Bd3 c5 12. Qe2 c4 13. Be4 Bxe4 14. Qxe4 Ne7 15. Bg5 b4 16. Ne2 h6 17. Be3 Nd5 18. Bd4 Be7 19. c3 bxc3 20. Nxc3 0-0 21. Rec1 Bg5 22. Rd1 Nb4 23. Ne2 Rd5 24. h4 Be7 25. Rdc1 Nd3 26. Rc2 Rc8 27. b3 Nxe5 28. Nf4 Ra5 29. Re1 Bd6 30. Rec1 Qb8 31. Ba1 Rac5 32. g3 cxb3 33. Rxc5 Bxc5 34. Bxe5 Bxf2+ 35. Kxf2 Rxc1 36. Bxb8 b2 37. Be5 b1Q 38. Qxb1 Rxb1 39. Nd3 f6 40. Bc3 e5 41. Ke2 Kf7 42. a4 Kg6 43. Nc5 Rb6 44. a5 Rc6 45. Bb4 Kh5 46. Nd3 e4 47. Nf4+ Kg4 48. Be1 f5 49. h5 Rc2+ 50. Ke3 Rc1 51. Kf2 Ra1 52. Ke2 Ra3 53. Ne6 Kxh5 54. Nxg7+ Kg5 55. Ne6+ Kg4 56. Nd4 h5 57. Nc6 Rxg3 58. Ne5+ Kf4 59. Nc4 h4 60. Kf2 h3 0-1

[Event "FICGS W-ch email"]
[Site "FICGS email"]
[Date "2009.02.01"]
[Round "3"]
[White "Pichelin, Xavier"]
[Black "Utesch, Wolfgang"]
[Result "1-0"]
[WhiteElo "2483"]
[BlackElo "2484"]
[PlyCount "53"]
[EventDate "2009.??.??"]
[EventType "match (corr)"]
[EventRounds "9"]
[SourceTitle "Corr 2022"]
[Source "ChessBase"]
[SourceDate "2021.10.24"]
[SourceVersion "1"]
[SourceVersionDate "2021.10.24"]
[SourceQuality "1"]

1. e4 c5 2. Nf3 Nc6 3. d4 cxd4 4. Nxd4 Nf6 5. Nc3 e5 6. Ndb5 d6 7. Bg5 a6 8. Na3 b5 9. Nd5 Be7 10. Bxf6 Bxf6 11. c3 0-0 12. Nc2 Bg5 13. a4 bxa4 14. Rxa4 a5 15. Bc4 Rb8 16. b3 Kh8 17. Nce3 g6 18. h4 Bxh4 19. g3 Bg5 20. f4 exf4 21. gxf4 Bh4+ 22. Kd2 Ne7 23. Ra2 Nxd5 24. Nxd5 Bf6 25. Ke3 Kg7 26. Rg2 h6 27. Qh5 1-0

[Event "FICGS W-ch cand fin email"]
[Site "FICGS email"]
[Date "2008.01.29"]
[Round "4"]
[White "Pichelin, Xavier"]
[Black "Figlio, Gino Franco"]
[Result "1/2-1/2"]
[WhiteElo "2355"]
[BlackElo "2568"]
[PlyCount "105"]
[EventDate "2008.??.??"]
[EventType "match (corr)"]
[EventRounds "8"]
[SourceTitle "Corr 2011"]
[Source "ChessBase"]
[SourceDate "2010.08.31"]
[SourceVersion "1"]
[SourceVersionDate "2010.08.31"]
[SourceQuality "1"]

1. d4 d5 2. c4 c6 3. Nf3 Nf6 4. e3 e6 5. Nc3 Nbd7 6. Qc2 Bd6 7. g4 Bb4 8. Bd2 Qe7 9. g5 Bxc3 10. Bxc3 Ne4 11. h4 b6 12. Bd3 Nxc3 13. Qxc3 Bb7 14. cxd5 exd5 15. Bf5 f6 16. 0-0-0 0-0-0 17. Qc2 g6 18. Bxd7+ Rxd7 19. h5 gxh5 20. Rxh5 Qe4 21. Qxe4 dxe4 22. Nd2 c5 23. g6 cxd4 24. Rdh1 f5 25. Nc4 Rc7 26. b3 dxe3 27. fxe3 Bd5 28. Kb2 Bxc4 29. bxc4 h6 30. Rxf5 Rg7 31. Rf6 Kd7 32. Rd1+ Kc7 33. Kc3 h5 34. Rdf1 Rd7 35. Re6 h4 36. Rxe4 h3 37. Rg4 Rg7 38. Rh1 Rh6 39. Kd4 Rgxg6 40. Rxg6 Rxg6 41. Rxh3 Rg5 42. Rh7+ Kb8 43. e4 Ra5 44. e5 Kc8 45. Ke4 Rxa2 46. Kd5 Kd8 47. Ke6 a5 48. Rd7+ Ke8 49. Rb7 Kd8 50. Rxb6 a4 51. Rb7 Rc2 52. Rd7+ Kc8 53. Rd3 1/2-1/2

[Event "FICGS W-ch cand fin email"]
[Site "FICGS email"]
[Date "2008.01.29"]
[Round "6"]
[White "Pichelin, Xavier"]
[Black "Figlio, Gino Franco"]
[Result "1-0"]
[WhiteElo "2355"]
[BlackElo "2568"]
[PlyCount "115"]
[EventDate "2008.??.??"]
[EventType "match (corr)"]
[EventRounds "8"]
[SourceTitle "Corr 2011"]
[Source "ChessBase"]
[SourceDate "2010.08.31"]
[SourceVersion "1"]
[SourceVersionDate "2010.08.31"]
[SourceQuality "1"]

1. e4 c5 2. Nf3 d6 3. d4 cxd4 4. Nxd4 Nf6 5. Nc3 a6 6. Be3 e6 7. g4 h6 8. f3 Nc6 9. Qd2 Nxd4 10. Qxd4 e5 11. Qd2 Be6 12. 0-0-0 Qa5 13. Qf2 Qc7 14. h4 Be7 15. Rh2 Nd7 16. Nd5 Bxd5 17. Rxd5 Nc5 18. Kb1 0-0-0 19. b3 Kb8 20. Qe1 Rd7 21. Bc4 Rc8 22. g5 hxg5 23. hxg5 Ne6 24. Rd3 Nxg5 25. Qg1 Qd8 26. Ba7+ Ka8 27. Bb6 Qe8 28. Bb5 Kb8 29. Ba4 Ne6 30. c4 Nf4 31. Rdd2 Ne6 32. Rh5 Rc6 33. Rdh2 Bf8 34. Rh8 Rc8 35. Rg8 Qe7 36. Ba7+ Ka8 37. Bxd7 Qxd7 38. Bb6 Qc6 39. Rhh8 Kb8 40. Qe3 Re8 41. Qf2 Kc8 42. Kb2 Kb8 43. a4 Qd7 44. a5 Kc8 45. Qh4 Kb8 46. Bg1 Kc8 47. Qf2 Qc7 48. Qb6 Qxb6 49. Bxb6 Kd7 50. b4 Rc8 51. Kc3 Ke7 52. Be3 f6 53. Rh1 Kf7 54. Rgh8 Rc7 55. Rd1 Rd7 56. Kb3 Rc7 57. Rh2 Kg8 58. Rdh1 1-0

[Event "FICGS W-ch final email"]
[Site "FICGS email"]
[Date "2007.07.14"]
[Round "1"]
[White "Koch, Christian"]
[Black "Pichelin, Xavier"]
[Result "1/2-1/2"]
[WhiteElo "2118"]
[BlackElo "2347"]
[PlyCount "51"]
[EventDate "2007.??.??"]
[EventType "tourn (corr)"]
[EventRounds "6"]
[EventCategory "5"]
[SourceTitle "Corr 2022"]
[Source "ChessBase"]
[SourceDate "2021.10.24"]
[SourceVersion "1"]
[SourceVersionDate "2021.10.24"]
[SourceQuality "1"]

1. e4 c5 2. Nf3 d6 3. d4 cxd4 4. Nxd4 Nf6 5. Nc3 a6 6. Bg5 e6 7. f4 Qb6 8. Qd2 Qxb2 9. Rb1 Qa3 10. f5 Nc6 11. fxe6 fxe6 12. Nxc6 bxc6 13. Be2 Be7 14. 0-0 0-0 15. Rb3 Qc5+ 16. Be3 Qe5 17. Bf4 Qc5+ 18. Kh1 Ng4 19. h3 e5 20. Na4 Qa7 21. hxg4 exf4 22. Nb6 Be6 23. Nxa8 Bxb3 24. axb3 Qxa8 25. Rxf4 Rxf4 26. Qxf4 1/2-1/2